| 000 | 00972nam a22003017a 4500 | ||
|---|---|---|---|
| 003 | EG-ScBUE | ||
| 005 | 20211220105412.0 | ||
| 008 | 100124s2003 enk f 000 1 eng d | ||
| 020 | _a0007717911 | ||
| 040 |
_aEG-ScBUE _beng _erda _cEG-ScBUE _dEG-ScBUE |
||
| 082 | 0 | 4 |
_a823.914 _bCOL _222 |
| 100 | 1 |
_910564 _aColgan, Jenny, _eauthor. |
|
| 245 | 1 | 0 |
_aWorking wonders / _cJenny Colgan. |
| 264 | 1 |
_aLondon : _bHarper Collins Publishers, _c2003. |
|
| 300 |
_a372 pages ; _c21 cm |
||
| 336 |
_2rdacontent _atext _btxt |
||
| 337 |
_2rdamedia _aunmediated _bn |
||
| 338 |
_2rdacarrier _avolume _bnc |
||
| 650 | 7 |
_910554 _aWork environment _vFiction. _2BUEsh |
|
| 650 | 7 |
_910561 _aCoventry (England) _xIntellectual life _vFiction. _2BUEsh |
|
| 650 | 7 |
_910562 _aLove stories. _2BUEsh |
|
| 650 | 7 |
_910563 _aHumorous stories. _2BUEsh |
|
| 651 | _2BUEsh | ||
| 653 |
_bHHUUEENN _cDecember2021 |
||
| 655 |
_vReading book _934232 |
||
| 942 |
_2ddc _cBB |
||
| 999 |
_c13184 _d13184 |
||